| 000 | nam a22 a 4500 | ||
|---|---|---|---|
| 999 |
_c446 _d446 |
||
| 005 | 20170504084701.0 | ||
| 008 | 170504b1989 -us||||| |||| 00| 0 eng d | ||
| 020 | _a0395514088 (pbk) | ||
| 040 | _aAKMAL | ||
| 082 | _a150 PAN | ||
| 090 |
_a150 _bPAN |
||
| 100 | 1 |
_aPauk, Walter. _91047 |
|
| 245 | 0 | 0 | _aSucceed in college!. |
| 260 |
_bHoughton Mifflin, _c1989. |
||
| 300 | _ccm | ||
| 700 | 1 |
_aFiore, John P. _91048 |
|
| 852 | 4 | 1 |
_aBritish Library _bDSC |
| 942 |
_2ddc _cBOOK |
||